Statistics for Countries Closest to Turkmenistan

Click here to take the quiz!

General Stats

  • This quiz has been taken 1,185 times
  • The average score is 18 of 20

Answer Stats

kmcountrymiles% Correct
321Russia200
97%
0Afghanistan0
96%
0Uzbekistan0
96%
0Iran0
95%
731India454
94%
442Pakistan274
94%
698Iraq433
93%
199Azerbaijan123
92%
616China383
92%
110Tajikistan68
92%
529Armenia329
90%
479Georgia298
90%
0Kazakhstan0
90%
676Turkey420
90%
290Kyrgyzstan180
89%
958Syria595
84%
1107Saudi Arabia688
80%
975Kuwait606
79%
1168United Arab
Emirates
726
68%
1122Oman697
65%

Score Distribution

Percentile by Number Answered

Percent of People with Each Score

Your Score History

You have not taken this quiz